00857nam a2200229 a 450000100060000000300080000600500170001400800410003103500190007203500170009104000270010804100080013508200250014310000330016824500560020126001040025730000200036149000910038160000380047265000260051083000910053655758BD-RjUL20211209080317.0161121s1960 enk 000 0 eng d a(BD-RjUL)55882 a(NNC)5259787 aCSUcCSUdBD-RjULbeng aeng 223a822.33bTRS 19601 aTraversi, Derek,d1912-2005.10aShakespeare :bthe early comedies /cDerek Traversi aLondon :bPublished for the British Council and The National Book League by Longmans, Greencc1960. a46 p. ;c21 cm.1 aBibliographical series of supplements to British book news on writers and their work ;10aShakespeare, William,d1564-1616. aShakespeare, William, 0aBibliographical series of supplements to British book news on writers and their work ;